000 01321nam a22002177a 4500
999 _c59496
_d59496
003 Ge_BSU
005 20230301112927.0
008 230301s1994 ge ||||| |||| 00| 0 geo d
020 _a55110006262
041 _ageo
080 _a347.99.021.8(479.22) ს-21
245 _aსამართლის რეფორმა საქართველოში :
_b1994 წლის 23-25 მაისს თბილისში გამართული საერთ. კონფერენციის მასალები /
_cგამომცემლები სერგო ჯორბენაძე, როლფ კნიპერი, ლადო ჭანტურია.
264 _aთბილისი :
_b თბილ. უნ-ტის გამ-ბა,
_c1994.
300 _a500გვ. ;
_b20სმ.
501 _aპარალ. თავფ. გერმ. ენ.
653 _aსასამართლო რეფორმა საქართველოში
700 _aჯორბენაძე, სერგო
_eგამომცემელი
_94014
700 _aკნიპერი, როლფ
_eგამომცემელი
_917084
700 _aჭანტურია, ლადო
_eგამომცემელი
_917085
942 _2udc
_cBK